Представление документа в формате RUSMARC

ПолеНазваниеЗначение
  Тип записи a
  Библиографический уровень m
001 Контрольный номер RU\NLR\BIBL_A\011813408
005 Дата корректировки 20211123104842.8
010 Индекс ISBN __
a ISBN 978-5-389-15181-9
9 Тираж 4000 экз.
d Цена 208-83; 201-33
021 № государственной регистрации __
a Код страны RU
b № документа 2018-64295
035 Другие системные номера __
a Идентификатор записи (RuMoRGB)009729327
100 Данные общей обработки __
a Данные общей обработки 20181005d2018####am y0rusy028902 ca
101 Язык документа 0_
a Язык текста rus
102 Страна публикации __
a Страна публикации RU
105 Кодированные данные (монография) __
a Кодированные данные (монография) # z 000ay
181 Поле кодированных данных: вид содержания _0
a Код вида содержания (ISBD) i
182 Поле кодированных данных: тип средства _0
a Код типа средства (ISBD) n
200 Заглавие и сведения об ответственности 1_
a Заглавие Господа волонтеры
e Сведения, относящиеся к заглавию роман
f Первые сведения об ответственности Борис Васильев
203 Вид содержания и тип средства __
a Вид содержания Текст
c Тип средства непосредственный
210 Выходные данные 1_
a Место издания Санкт-Петербург
c Издательство Азбука
c Издательство Азбука-Аттикус
d Дата издания 2018
215 Физическое описание __
a Объем 637, [2] с.
d Формат 18 см
225 Серия 1_
a Серия Азбука-классика
330 Аннотация __
a Аннотация "Господа волонтеры" - первая книга романа-эпопеи Бориса Васильева "Господа офицеры" (выходил под названием "Бы ли и небыли"). Это произведение занимает особое место в творчестве писателя, который и сам был из потомственной офицерской семьи и не раз подчеркивал, что его предки всегда воевали. Действие романа разворачивается в 1870-е годы в России и на Балканах. В центре повествования - жизнь большой дворянской семьи Олексиных. Судьба главных героев тесно переплетается с грандиозными событиями прошлого. Сохраняя честь, совесть и достоинство, Олексины проходят сквозь тяжкие испытания, их ждет гибель друзей и близких, утрата иллюзий и поиск правды… Творчество Бориса Васильева признано классикой русской литературы, его книги переведены на многие языки, по его произведениям сняты известные фильмы: "Офицеры", "А зори здесь тихие...", "Не стреляйте в белых лебедей", "Завтра была война" и др.
333 Примечание о целевом назначении __
a Примечание о целевом назначении 16+. Для детей старше 16 лет
606 Тематические рубрики __
a Основная рубрика Художественная литература
606 Тематические рубрики __
a Основная рубрика Русская литература XX в. (произведения)
610 Ключевые слова 0_
a Ключевые слова романы
610 Ключевые слова 0_
a Ключевые слова исторические романы
610 Ключевые слова 0_
a Ключевые слова исторические приключения
610 Ключевые слова 0_
a Ключевые слова семейные саги
610 Ключевые слова 0_
a Ключевые слова тема русско-турецкой войны
610 Ключевые слова 0_
a Ключевые слова тема войны
610 Ключевые слова 0_
a Ключевые слова романы-эпопеи
610 Ключевые слова 0_
a Ключевые слова тема дворянства
610 Ключевые слова 0_
a Ключевые слова Олексины
610 Ключевые слова 0_
a Ключевые слова дилогии
686 Индексы других классификаций __
a Классификационный индекс 84(2=411.2)6-4; ст84(2=411.2)6-4
2 Код системы rubbks
700 Автор _1
a Фамилия Васильев
b Имя Б. Л.
f Даты 1924-2013
g Полное личное имя Борис Львович
3 Контрольный № нормативной записи RU\NLR\AUTH\7716762
4 Код отношения 070
801 Источник записи _0
a Страна RU
b Организация NLR
c Дата составления 20181005
g Правила каталогизации RCR
801 Источник записи _1
a Страна RU
b Организация NLR
c Дата составления 20181005
2 Код формата rusmarc
g Правила каталогизации PSBO
801 Источник записи _2
a Страна RU
b Организация NLR
c Дата составления 20181023
2 Код формата rusmarc
g Правила каталогизации PSBO
852 Данные о местонахождении __
i Авторский знак В 19
j Шифр хранения 84(2=411.2)6-4
900 Макрообъекты __
a Макрообъекты Господа волонтеры, 2018
901 Тип документа __
a Ответственный КиК/Мамарузиева
t Тип документа m
903 Характеристики (МАРС) __
a Дата передачи 20201210
c Наименование библиотеки (МАРС) Муниципальное бюджетное учреждение культуры "Централизованная библиотечная система" г. Сургут (Центральная городская библиотека им. А. С. Пушкина)
990 Данные о заказе (DOS) __
j Количество экземпляров (DOS) 2
t N записи в КСУ для И/У (DOS) 202101